000 00503nam a2200193 a 4500
001 1770285652841
003 YourLibrary
005 20260205153743.0
008 260205s2009##################000#0#eng##
020 _a9780195328554
082 0 4 _a332.6
_bBRE
100 1 _aBremmer, Ian,
_eauthor.
245 1 0 _aThe Fat Tail :
260 _bOxford University Press, USA,
_c2009.
300 _a254 pages
650 0 _aBusiness & Economics.
942 _cENGLISH
040 _aYourLibrary
_beng
_cYourLibrary
999 _c610472
_d610472